El concepto de realismo político
محفوظ في:
| المؤلف الرئيسي: | |
|---|---|
| التنسيق: | كتاب |
| اللغة: | الإسبانية |
| منشور في: |
Santiago
Ril Editores
2013
|
| الطبعة: | 1a. ed |
| سلاسل: | Bibliodiversidad
|
| الموضوعات: | |
| الوسوم: |
إضافة وسم
لا توجد وسوم, كن أول من يضع وسما على هذه التسجيلة!
|
MARC
| LEADER | 00000cam a2200000 a 4500 | ||
|---|---|---|---|
| 001 | UCE5777 | ||
| 003 | CL-VaPUC | ||
| 008 | 150305e20130500cl |||||||||||||||||spa|d | ||
| 020 | |a 9789562849128 | ||
| 082 | 0 | 4 | |a 320.01 |b ORO |2 21 |
| 100 | |a Oro Tapia, Luis R. |e autor |9 578454 | ||
| 245 | 1 | 3 | |a El concepto de realismo político |
| 250 | |a 1a. ed | ||
| 300 | |a 162 p | ||
| 942 | |c BK | ||
| 945 | |d 20150305 12:52:00 |a arojas | ||
| 260 | |a Santiago |b Ril Editores |c 2013 | ||
| 650 | 7 | |a FILOSOFIA POLITICA |2 CL-VaPUC |9 578455 | |
| 650 | 7 | |a TEORIA POLITICA |2 CL-VaPUC |9 578456 | |
| 650 | 0 | |a Realismo |9 259117 | |
| 650 | 0 | |a Poder político |9 255509 | |
| 583 | |a last modification |c 20150305 12:52:00 |k Rodrigo Vera | ||
| 490 | 0 | |a Bibliodiversidad | |
| 999 | |c 358382 |d 358380 | ||
| 952 | |0 0 |1 0 |3 erb |4 0 |6 320_010000000000000_ORO_2013 |7 0 |8 A |9 467047 |a BIBCUR |b BIBCUR |i 5137624 |o 320.01 ORO 2013 |p 5137624 |r 2025-04-22 |w 2019-11-23 |y BK |z Catalogado en:20150305 |k PER | ||